000
00238nam a2200109Ia 4500
008
230724s1999 xx und d
041
_a
eng
100
_a
DICKENS C.
245
_a
A TALE OF TWO CITIES.
260
_c
1999
300
_a
201
999
_c
1172866
_d
1172866